| 000 | 00362nam a2200145Ia 4500 | ||
|---|---|---|---|
| 008 | 230917s9999||||xx |||||||||||||| ||und|| | ||
| 040 |
_e118241 _aMAIN |
||
| 041 | _aEnglish | ||
| 082 | _a570 M779P | ||
| 100 | _aMunna Jagdish Chander | ||
| 245 | 0 | _aPorifera & silentreta | |
| 260 |
_aChandigarh _bHaryana Hindi Garnth _c1974 |
||
| 300 | _a308p. p. | ||
| 942 | _cBK | ||
| 999 |
_c48347 _d48347 |
||